Księżniczki według zdjęć - Statystyki

Ogólne statystyki
  • Ten quiz został rozwiązany 14 razy
  • Średni wynik to 7 z 16
Statystyki odpowiedzi
Obrazkowy Odpowiedź % Poprawnych
Fiona
100%
Diana
92%
Ariel
83%
Kate
67%
Bella
58%
Leia
58%
Dżasmina
50%
Elza
50%
Peach
42%
Tiana
42%
Anna
33%
Giselle
17%
Zelda
17%
Mia
8%
Mononoke
8%
Buttercup
0%
Nie znaleziono quizów pasujących do podanych kryteriów
Rozkład punktacji
Procent ludzi z każdym wynikiem
Percentyl według liczby udzielonych odpowiedzi
Twoja historia wyników
Nie rozwiązałeś tego quizu